| 000 | 01124cam a22003257a 4500 | ||
|---|---|---|---|
| 003 | CHAP | ||
| 005 | 20220329134753.0 | ||
| 008 | 971013s r 00010 d | ||
| 010 | _a25621 | ||
| 011 | _a26593 | ||
| 035 | _a30694 | ||
| 040 | _cCHAP | ||
| 082 |
_a338.0972 _bC65 |
||
| 110 |
_aConfederación de Cámaras Industriales de los Estados Unidos Mexicanos _926393 |
||
| 245 | 1 | 3 | _aLa industria mexicana 19 - |
| 260 |
_a(s.l.) : _b(La Confederación), _c19 - |
||
| 300 | _av. | ||
| 500 | _aLa biblioteca tiene: 1978; 1979; 1980 | ||
| 590 |
_aBATCH-UPD _b10 _c20130110 _lUCH01 _h1852 |
||
| 590 |
_aBATCH-UPD _b10 _c20130410 _lUCH01 _h1221 |
||
| 590 |
_aBATCH-UPD _b10 _c20130914 _lUCH01 _h1633 |
||
| 590 |
_aCONVERSION _b10 _c20130109 _lUCH01 _h1315 |
||
| 650 | 1 | 4 |
_aIndustria. _957682 |
| 650 | 1 | 4 |
_aIndustria _xMéxico. _957751 |
| 901 | _aBK | ||
| 942 | _cLIBRO | ||
| 949 |
_a338.0972 C65 _bBC _cLIBRO _d33724000353363 _eLIBRO _f1980 _h48824 _i30694 _si |
||
| 949 |
_a338.0972 C65 _bBC _cLIBRO _d33724000353371 _eLIBRO _f1979 _h47302 _i30694 _si |
||
| 949 |
_a338.0972 C65 _bBC _cLIBRO _d33724000353504 _eLIBRO _f1978 _h48823 _i30694 _si |
||
| 999 |
_c25621 _d25621 |
||